| 000 | 00391nam a22001217a 4500 | ||
|---|---|---|---|
| 008 | 230609b xxu||||| |||| 00| 0 eng d | ||
| 082 | _a353.463 | ||
| 100 |
_cGovernment of Kenya _d2006 |
||
| 245 |
_aNational Assembly _bThirteenth Report of the Public Investment Committee on the Accounts of State Corporations |
||
| 260 |
_aKenya _bGovernment of Kenya _c2006 |
||
| 300 | _a750 p | ||
| 942 |
_2ddc _cBK |
||
| 999 |
_c872 _d872 |
||